Sistema de gestión de la calidad del agua que consume la población urbana del municipio (Registro nro. 2524)

Detalles MARC
000 -LEADER
campo de control de longitud fija 01992nam a22003737a 4500
001 - NÚMERO DE CONTROL
campo de control 42835
003 - IDENTIFICADOR DE NÚMERO DE CONTROL
campo de control gtgccic
005 - FECHA Y HORA DE LA ÚLTIMA TRANSACCIÓN
campo de control 20251112114749.0
007 - CAMPO FIJO DE DESCRIPCIÓN FÍSICA--INFORMACIÓN GENERAL
campo de control de longitud fija ta
008 - DATOS DE LONGITUD FIJA--INFORMACIÓN GENERAL
campo de control de longitud fija 251112b gt ||||| |||| 00| 0 spa d
040 ## - FUENTE DE CATALOGACIÓN
Centro catalogador/agencia de origen gtgccic
Lengua de catalogación spa
Centro/agencia transcriptor gtgccic
Normas de descripción rda
084 ## - OTRO NÚMERO DE CLASIFICACIÓN
Número de control del registro de autoridad o número normalizado TPI-16-0111
100 10 - ENTRADA PRINCIPAL--NOMBRE DE PERSONA
Nombre de persona Rómulo Enock Salguero Salvador
Fechas asociadas al nombre Ingeniero Químico
Término indicativo de función/relación autor
245 10 - MENCIÓN DEL TÍTULO
Título Sistema de gestión de la calidad del agua que consume la población urbana del municipio
Resto del título de El Progreso, Jutiapa, basado en la metodología del plan de seguridad para calidad del agua de la OMS /
Mención de responsabilidad, etc. Salguero Salvador, Rómulo Enock
264 #1 - PRODUCCIÓN, PUBLICACIÓN, DISTRIBUCIÓN, FABRICACIÓN Y COPYRIGHT
Producción, publicación, distribución, fabricación y copyright Guatemala, Guatemala :
Nombre del de productor, editor, distribuidor, fabricante USAC, Facultad de Ingeniería ;
Fecha de producción, publicación, distribución, fabricación o copyright 2016.-
300 ## - DESCRIPCIÓN FÍSICA
Extensión xxxviii,124 p. :
Otras características físicas il. ;
Dimensiones 27 cm
336 ## - TIPO DE CONTENIDO
Fuente rdacontenido
Término de tipo de contenido Texto
Código de tipo de contenido txt
337 ## - TIPO DE MEDIO
Fuente rdamedio
Nombre/término del tipo de medio sin mediación
Código del tipo de medio n
338 ## - TIPO DE SOPORTE
Fuente rdasoporte
Nombre/término del tipo de soporte volumen
Código del tipo de soporte nc
502 ## - NOTA DE TESIS
Nota de tesis Tesis de postgrado
Tipo de título MAESTRO EN INGENIERÍA EN DESARROLLO MUNICIPAL
Nombre de la institución que otorga el título USAC, Facultad de Ingeniería, Escuela de Postgrado
Año de obtención del título 2016
Identificador de la tesis TPI-16-0111
504 ## - NOTA DE BIBLIOGRAFÍA, ETC.
Nota de bibliografía, etc. Nota Bibliografía pag. 97
505 ## - NOTA DE CONTENIDO CON FORMATO
Título 1. ANTECEDENTES (el agua potable)
505 ## - NOTA DE CONTENIDO CON FORMATO
Título 2. MARCO TEÓRICO (calidad del agua)
505 ## - NOTA DE CONTENIDO CON FORMATO
Título 3. PRESENTACIÓN DE RESULTADOS
505 ## - NOTA DE CONTENIDO CON FORMATO
Título 4. INTERPRETACIÓN, ANÁLISIS Y DISCUSIÓN DE RESULTADOS
505 ## - NOTA DE CONTENIDO CON FORMATO
Título 5. PROPUESTA DE UN PLAN DE SEGURIDAD
520 #3 - RESUMEN, ETC.
Sumario, etc. El presente trabajo consiste en hacer una evaluación del sistema de distribución de agua del municipio de El Progreso, Jutiapa y compararlo con la metodología del plan de seguridad para calidad del agua de la OMS, con el objeto de establecer un sistema de distribución en dicha cabecera municipal, que garantice a sus habitantes la sostenibilidad de la calidad del vital líquido que consume y que siempre sea apta para consumo humano.
650 ## - PUNTO DE ACCESO ADICIONAL DE MATERIA--TÉRMINO DE MATERIA
Término de materia o nombre geográfico como elemento de entrada GESTIÓN
650 ## - PUNTO DE ACCESO ADICIONAL DE MATERIA--TÉRMINO DE MATERIA
Término de materia o nombre geográfico como elemento de entrada CALIDAD DEL AGUA
650 ## - PUNTO DE ACCESO ADICIONAL DE MATERIA--TÉRMINO DE MATERIA
Término de materia o nombre geográfico como elemento de entrada ORDENAMIENTO DE LA CALIDAD DEL AGUA
700 ## - ENTRADA AGREGADA--NOMBRE PERSONAL
Nombre de persona Msc. Ing. Renato Giovanni Ponciano Sandoval
Término indicativo de función/relación asesor
942 ## - ELEMENTOS DE ENTRADA SECUNDARIOS (KOHA)
Fuente de la clasificación o esquema de estantería Clasificación Decimal Dewey
Tipo de ítem Koha TESISPOSTGRADO
945 ## - PROCESAMIENTO DE INFORMACIÓN LOCAL (OCLC)
a amlo
Existencias
Estatus retirado Estado de pérdida Fuente de la clasificación o esquema de estantería Estado de daño No para préstamo Biblioteca de origen Biblioteca actual Fecha de adquisición Número de inventario Total de préstamos Signatura topográfica completa Código de barras Visto por última vez Precio de reemplazo Tipo de ítem Koha Nota pública
    Clasificación Decimal Dewey     CENTRO DE INFORMACIÓN A LA CONSTRUCCIÓN-CICON CENTRO DE INFORMACIÓN A LA CONSTRUCCIÓN-CICON 12/11/2025 P20160111   TPI-16-0111 20160111 12/11/2025 12/11/2025 TESISPOSTGRADO disponible